00258nam a2200097Ia 4500008004000000041000800040082001300048100001900061245003500080260004500115210210b1932 xxu||||| |||| 00| 0 eng d aeng a822/1221 aTILLYARD (P B) aMilton: private correspondence aCambridgebAt the University Pressc1932